01403nam a22001817a 4500003000900000005001700009008004100026040001300067100003100080245005400111260003700165300001900202490005400221520081500275942001201090999001901102952010001121IT-RoPau20220918181221.0140719b xxu||||| |||| 00| 0 eng d cIT-RoPau aSocietà San Paolo933894 aStato personale paolino 2014bComunità e membri aRomabSSP Casa Generaliziac2014 a144 pp.c21 cm aSocietà San PaolovStato personale paolino 2014 aIndice Società San Paolo: fondazione, approvazione, statistiche Circoscrizioni e comunità paoline Governo Generale Case direttamente dipendenti dal Governo Generale: Casa Generalizia - Germania - Italia - Vaticano Province Provincia Argentina - Cile - Perù Provincia Brasile Provincia Colombia - Ecuador - Panamá Provincia Filippine - Macau Provincia Giappone Provincia India - Nigeria - Gran Bretagna - Irlanda Provincia Italia Provincia Messico Provincia Spagna Provincia Stati Uniti Regioni: Regione Australia Regione Canada - Francia Regione Congo Regione Corea Regione Polonia Regione Portogallo Regione Venezuela - Bolivia Elenco alfabetico dei membri professi Defunti della Società San Paolo a. Ordine Cronologico b. Ordine alfabetico c. Novizi defunti Elenco alfabetico delle comunità  2ddccBK c104470d104470 00102ddc406P_C171aPAULUSbPAULUSd2014-07-19l0oP C1r2014-07-19 00:00:00w2014-07-19yBK